000 01107cam a2200301Ii 4500
999 _c6442
_d6442
001 6728150
003 OCoLC
005 20190116200639.0
008 800918s1965 inua j 000 0 eng d
010 _a65014972
035 _a(OCoLC)6728150
040 _aTCH
_beng
_cTCH
_dMUS
_dOCL
_dBTCTA
_dOCLCG
_dOCLCA
_dOCLCQ
_dOCLCO
_dOCLCA
_dOCLCQ
_dOCLCO
_dOCLCF
050 4 _aBT302
_b.E44 1965
082 4 _a232.9
_bE29e
092 _aJ
_b232.9, Eg2e
100 1 _aEgermeier, Elsie E.
_q(Elsie Emilie),
_d1890-1986.
245 1 0 _aEgermeier's Picture-story life of Jesus /
_cby Elsie E. Egermeier ; story revisions by Arlene S. Hall ; adapted from Egermeier's bible story book.
260 _aAnderson, IN :
_bWarner Press,
_c1965.
300 _a127 pages :
_bcolor illustrations ;
_c25 cm
336 _atext
_btxt
_2rdacontent
337 _aunmediated
_bn
_2rdamedia
338 _avolume
_bnc
_2rdacarrier
600 0 0 _aJesus Christ
_vJuvenile literature.
650 0 _aBible stories, English
_xGospels.
655 7 _aJuvenile works.
_2fast
_0(OCoLC)fst01411637.
740 0 _aPicture-story life of Jesus.
942 _2ddc
_cBK